01460cam a22003375a 450000500170000000800410001701000170005802000240007502000270009903500170012603500130014303700100015604000170016608200060018310000220018924500420021126000400025327000520029330000310034544000390037652002600041552000680067565000580074365000340080165000490083565000250088465000350090965500280094480000590097285600910103120070904151509.0060331s2006 nyua c 000 1 eng d aB-345965-969 a141691174X c129.00 a9781416911746 c129.00 aB-345965-969 aB-357704 bTarun adplbEnglish aS aDixon, Franklin W aHurricane Joe /cby Franklin W. Dixon aNew York bAladdin Paperbacksc2006 a1230 Avenue of the AmericasbNew YorkeNY 10020 a169p. bill. c20cm. (pbk) aHardy boys undercover brothers ;11 aThe mission is to investigate a string of false hurricane warnings--and subsequent burglaries--that are terrorizing the citizens of Bayport. Anyone who trusts storm warnings from seemingly reliable sources at the peak of Bayport's hurricane season - in ot aFrank and Joe investigate a string of false hurricane warnings. aHardy Boys (Fictitious characters)vJuvenile fiction. aHurricanesvJuvenile fiction. aHardy Boys (Fictitious characters)vFiction. aHurricanesvFiction. aMystery and detective stories. aMystery fiction.2gsafd aDixon, Franklin W.tHardy boys undercover brothers ;11 3Publisher descriptionuhttp://www.loc.gov/catdir/enhancements/fy0662/2006925023-d.html